[Event "ROM-ch (Women)"]
[Site "Olanesti"]
[Date "2016.04.09"]
[Round "8"]
[White "Porcoleanu, Doina Olga"]
[Black "Cimpean, Andra"]
[Result "0-1"]
[WhiteElo "1584"]
[BlackElo "1897"]
[PlyCount "86"]
[EventDate "2016.04.02"]
[EventType "swiss"]
[EventRounds "9"]
[EventCountry "ROU"]
[SourceTitle "CBM 171 Extra"]
[Source "ChessBase"]
[SourceDate "2016.04.26"]
[SourceVersion "1"]
[SourceVersionDate "2016.04.26"]
[SourceQuality "1"]

1. d4 f5 2. g3 e6 3. Bg2 Nf6 4. Nf3 d5 5. 0-0 Bd6 6. c4 c6 7. c5 Bc7 8. Nc3 0-0 9. b4 b6 10. cxb6 axb6 11. Bb2 Nbd7 12. Qc2 Ba6 13. a4 Ne4 14. Rfe1 Bb7 15. e3 Re8 16. Red1 Bd6 17. Qb3 Qe7 18. Na2 Ra7 19. Ne5 Nxe5 20. dxe5 Bc7 21. Nc1 c5 22. b5 c4 23. Qc2 Rea8 24. Bxe4 fxe4 25. Ba3 Qg5 26. Bb2 Bxe5 27. Bxe5 Qxe5 28. Ne2 Qf6 29. Ra2 Bc8 30. Rda1 e5 31. Ra3 Bh3 32. f4 exf3 33. Nc3 Qe6 34. R3a2 f2+ 35. Qxf2 Rf8 36. Qe2 Raf7 37. Re1 Rf1+ 38. Rxf1 Rxf1+ 39. Qxf1 Bxf1 40. Kxf1 d4 41. exd4 exd4 42. Nd1 c3 43. Ra1 Qc4+ 0-1

[Event "ROM-ch (Women)"]
[Site "Calimanesti"]
[Date "2015.04.20"]
[Round "3"]
[White "Cimpean, Andra"]
[Black "Porcoleanu, Doina Olga"]
[Result "1-0"]
[WhiteElo "1884"]
[BlackElo "1604"]
[PlyCount "99"]
[EventDate "2015.04.18"]
[EventType "swiss"]
[EventRounds "9"]
[EventCountry "ROU"]
[SourceTitle "CBM 166 Extra"]
[Source "ChessBase"]
[SourceDate "2015.06.18"]
[SourceVersion "1"]
[SourceVersionDate "2015.06.18"]
[SourceQuality "1"]

1. e4 c5 2. Nf3 Nc6 3. c3 d5 4. exd5 Qxd5 5. d4 e6 6. Be3 Nf6 7. Bd3 cxd4 8. cxd4 Bb4+ 9. Nc3 Qa5 10. Bd2 Nd5 11. Nxd5 Bxd2+ 12. Qxd2 Qxd5 13. 0-0 0-0 14. a3 h6 15. Rad1 a5 16. Bb1 Rd8 17. Qd3 g6 18. Rfe1 Kg7 19. Qc2 b6 20. Qc3 Bb7 21. Be4 Qd6 22. d5+ Ne5 23. Qxe5+ Qxe5 24. Nxe5 exd5 25. Bf3 Rac8 26. Rc1 Rc5 27. Nd3 Rxc1 28. Rxc1 Rd7 29. h3 f6 30. Nf4 Kf7 31. Rd1 Kg7 32. Nxd5 b5 33. Nc3 Rxd1+ 34. Nxd1 Bc8 35. b4 axb4 36. axb4 Bd7 37. Nc3 Kf7 38. Be2 Ke7 39. Bxb5 Be6 40. Bd3 f5 41. b5 Kd7 42. Na4 Kc8 43. b6 Bd5 44. Ba6+ Kb8 45. Nc5 Bc6 46. Be2 g5 47. Bf3 Bb5 48. Ne6 Bd7 49. Nd8 Bc8 50. b7 1-0

[Event "Iasi op"]
[Site "Iasi"]
[Date "2014.05.13"]
[Round "4"]
[White "Porcoleanu, Doina Olga"]
[Black "Tamba, Dumitru"]
[Result "0-1"]
[WhiteElo "1663"]
[BlackElo "1759"]
[PlyCount "91"]
[EventDate "2014.05.10"]
[EventType "swiss"]
[EventRounds "9"]
[EventCountry "ROU"]
[SourceTitle "CBM 160 Extra"]
[Source "ChessBase"]
[SourceDate "2014.07.01"]
[SourceVersion "1"]
[SourceVersionDate "2014.07.01"]
[SourceQuality "1"]

1. d4 f5 2. c4 e6 3. Nc3 Nf6 4. g3 c6 5. Bg2 d5 6. cxd5 cxd5 7. Nf3 Be7 8. 0-0 0-0 9. Bd2 Nbd7 10. Rc1 Ne4 11. Be3 Ndf6 12. Ne5 Bd7 13. Nxe4 Nxe4 14. f3 Bg5 15. Bxg5 Nxg5 16. Nd3 Rc8 17. Qd2 Nf7 18. Rxc8 Bxc8 19. Rc1 Nd6 20. Ne5 Nf7 21. Nd3 Nd6 22. b3 Qf6 23. Qb4 Nf7 24. f4 g5 25. e3 Qd8 26. Qc5 b6 27. Qc7 gxf4 28. Nxf4 a5 29. Bf3 Nd6 30. Be2 b5 31. a3 a4 32. Qc2 axb3 33. Qxb3 Nc4 34. Rc3 Bd7 35. Qb4 Qc7 36. Nd3 Ra8 37. Ne5 Qd8 38. Bxc4 bxc4 39. Qd6 Ra7 40. Nc6 Qc7 41. Qxc7 Rxc7 42. Nb4 Ra7 43. Kf2 Ba4 44. Kf3 Bb5 45. Kf4 Kf7 46. Nc6 0-1

[Event "Iasi op"]
[Site "Iasi"]
[Date "2014.05.11"]
[Round "2"]
[White "Porcoleanu, Doina Olga"]
[Black "Stoleriu, George"]
[Result "0-1"]
[WhiteElo "1663"]
[BlackElo "1914"]
[PlyCount "81"]
[EventDate "2014.05.10"]
[EventType "swiss"]
[EventRounds "9"]
[EventCountry "ROU"]
[SourceTitle "CBM 160 Extra"]
[Source "ChessBase"]
[SourceDate "2014.07.01"]
[SourceVersion "1"]
[SourceVersionDate "2014.07.01"]
[SourceQuality "1"]

1. d4 Nf6 2. c4 e6 3. Nf3 Bb4+ 4. Bd2 Qe7 5. e3 Nc6 6. a3 Bxd2+ 7. Nbxd2 d6 8. Be2 0-0 9. 0-0 a5 10. b3 e5 11. d5 Nb8 12. e4 Na6 13. Qc2 Nh5 14. Qc3 Nf4 15. Rfe1 Nc5 16. Bf1 f5 17. b4 axb4 18. axb4 Rxa1 19. Rxa1 Nxe4 20. Nxe4 fxe4 21. Ne1 Bg4 22. Qe3 Qg5 23. Kh1 Qg6 24. Ra2 b5 25. Ra7 bxc4 26. Bxc4 Kh8 27. b5 Bf3 28. Bf1 Bg4 29. Qd2 Qf7 30. Bc4 Rb8 31. b6 Bc8 32. Qa5 Nd3 33. Nxd3 exd3 34. Kg1 d2 35. Qxd2 Rxb6 36. Qa2 Qf5 37. Rxc7 Qb1+ 38. Qxb1 Rxb1+ 39. Bf1 Ba6 40. h3 Rxf1+ 41. Kh2 0-1

[Event "ROM-ch (Women)"]
[Site "Targu Mures"]
[Date "2014.05.04"]
[Round "9"]
[White "Salim, Arzu"]
[Black "Porcoleanu, Doina Olga"]
[Result "1/2-1/2"]
[WhiteElo "1536"]
[BlackElo "1663"]
[PlyCount "81"]
[EventDate "2014.04.26"]
[EventType "swiss"]
[EventRounds "9"]
[EventCountry "ROU"]
[SourceTitle "CBM 160 Extra"]
[Source "ChessBase"]
[SourceDate "2014.07.01"]
[SourceVersion "1"]
[SourceVersionDate "2014.07.01"]
[SourceQuality "1"]

1. e4 c5 2. Nf3 e6 3. d4 cxd4 4. Nxd4 Nf6 5. Nc3 d6 6. Be3 a6 7. f3 Qc7 8. Qd2 Be7 9. g4 h6 10. 0-0-0 Nc6 11. h4 Bd7 12. Be2 b5 13. Rdg1 b4 14. Nd1 d5 15. g5 hxg5 16. hxg5 Nh5 17. f4 g6 18. exd5 exd5 19. Bf3 Qd6 20. Nxc6 Bxc6 21. Bd4 Rh7 22. Qe3 0-0-0 23. Qe2 Qxf4+ 24. Be3 Qe5 25. Qxa6+ Bb7 26. Bg4+ Kc7 27. Qa5+ Kb8 28. Qa7+ Kc7 29. Bb6+ Kc6 30. Bxd8 Bxd8 31. Qa4+ Kb6 32. Qxb4+ Ka7 33. Rh3 Bxg5+ 34. Kb1 Rh8 35. Ra3+ Kb8 36. Rb3 Qe7 37. Qxe7 Bxe7 38. Bf3 Kc7 39. Nc3 Nf4 40. Rb5 Rd8 41. Rb3 1/2-1/2

[Event "ROM-ch (Women)"]
[Site "Targu Mures"]
[Date "2014.05.03"]
[Round "8"]
[White "Porcoleanu, Doina Olga"]
[Black "Ciungan, Diana Alexandra"]
[Result "1/2-1/2"]
[WhiteElo "1663"]
[BlackElo "1772"]
[PlyCount "87"]
[EventDate "2014.04.26"]
[EventType "swiss"]
[EventRounds "9"]
[EventCountry "ROU"]
[SourceTitle "CBM 160 Extra"]
[Source "ChessBase"]
[SourceDate "2014.07.01"]
[SourceVersion "1"]
[SourceVersionDate "2014.07.01"]
[SourceQuality "1"]

1. d4 Nf6 2. Nf3 e6 3. h3 Be7 4. Bf4 0-0 5. e3 Ne4 6. Bd3 f5 7. 0-0 b6 8. c3 Bb7 9. Nbd2 Nxd2 10. Nxd2 d6 11. Qe2 Bg5 12. Nf3 Bxf3 13. Qxf3 Nd7 14. Bxg5 Qxg5 15. Qc6 Qd8 16. f4 Rf7 17. e4 g6 18. exf5 exf5 19. Bc4 Nf6 20. Bxf7+ Kxf7 21. Qc4+ d5 22. Qd3 Ne4 23. Rad1 Qh4 24. Qf3 Rg8 25. Kh2 Re8 26. g3 Qf6 27. Kg2 Qc6 28. Qd3 Qa4 29. Ra1 Nd6 30. Rfe1 Rxe1 31. Rxe1 Qxa2 32. Re2 Qc4 33. Qc2 Ne4 34. Re1 a5 35. Ra1 Qc6 36. g4 Qf6 37. g5 Qd6 38. Kf3 h5 39. gxh6 Qf6 40. Rf1 g5 41. Qc1 g4+ 42. hxg4 Qh4 43. Qe1 Qxg4+ 44. Ke3 1/2-1/2

[Event "ROM-ch (Women)"]
[Site "Sarata Monteoru"]
[Date "2011.02.12"]
[Round "1"]
[White "Foisor, Mihaela Veronica"]
[Black "Porcoleanu, Doina Olga"]
[Result "1-0"]
[WhiteElo "2193"]
[BlackElo "1811"]
[PlyCount "45"]
[EventDate "2011.02.12"]
[EventType "swiss"]
[EventRounds "9"]
[EventCountry "ROU"]
[SourceTitle "CBM 140 Extra"]
[Source "ChessBase"]
[SourceDate "2011.03.01"]
[SourceVersion "1"]
[SourceVersionDate "2011.03.01"]
[SourceQuality "1"]

1. d4 Nf6 2. c4 e6 3. Nc3 Bb4 4. e3 0-0 5. Bd3 d5 6. a3 Bxc3+ 7. bxc3 c6 8. Nf3 Nbd7 9. 0-0 Ne4 10. Qc2 Ndf6 11. Ne5 Qa5 12. f3 Nd6 13. c5 Nde8 14. g4 h6 15. Bd2 Qd8 16. Rf2 Nd7 17. f4 Nxe5 18. fxe5 b6 19. Raf1 b5 20. Bh7+ Kh8 21. Rxf7 Rxf7 22. Rxf7 Nc7 23. Qg6 1-0